00748nam a2200217 a 450000100100000000500170001000800410002702000150006804000250008310000360010824000370014424500810018126000380026230000210030049000150032150000210033670000290035783000220038695201050040899900170051300004391420201002045037.0140508s1982 sp 000 0 spa d a847178436X aDO-SdBNPbspacBNPHU1 aSchell, Jonathan,d1943-97181610aThe fate of the earthlespañol13aEl Destino de la Tierra /cJonathan Schell ; traducción, Enrique Hegewicz. aBarcelona :bargo vergara,c1982. a236 p. ;c21 cm.1 aEn línea aIncluye índice12aHegewicz, Enrique971000 0aEn línea971817 001050718MOaGRbGRcCTd2014-05-08iLF1l0o p43914-10r2020-06-25w2020-06-25y1ZNo se presta c43403d43403